• 首页
  • 本馆介绍
  • 公告通知
  • 最新文献
  • 馆藏检索
  • 电子资源
  • 读者导购
  • 参考咨询
  • 我的图书馆
  • 登录
  • 详细信息显示
  • 放入我的书架
  • 预约/预借图书
  • 作者相关作品
  • 分类相关作品
  • 丛书相关作品
  • 出版社相关作品

书目信息

  • 表格格式
  • 工作单格式
  • 卡片格式
题名:
趣话眼睛
    
 
作者: 袁伯伟 主编
分册:  
出版信息: 武汉   长江出版社  2014
页数: 161页
开本: 21cm
丛书名:
单 册:
中图分类: R322.9 , R322
科图分类:
主题词: 眼--少儿读物
电子资源:
ISBN: 978-7-5492-2581-1
000 00719nam0 2200253 450
001 2335592067
005 20231221095352.23
010    @a978-7-5492-2581-1@dCNY 22.00
100    @a20150421d2014 cemy0chiy0120 ea
101 0  @achi
102    @aCN@b420000
105    @aa z 000yy
200 1  @a趣话眼睛@Aqu hua yan jing@b专著@e看的学问@f袁伯伟主编
210    @a武汉@c长江出版社@d2014
215    @a161页@c图@d21cm
300    @a《开启创新路 放飞中国梦》少儿科普图书
304    @a湖北省科普作家协会组编
517 1  @a看的学问@Akan de xue wen
606 0  @a眼@j少儿读物
690    @aR322.9@v5
690    @aR322@v4
701  0 @a袁伯伟@Ayuan bo wei@4主编
801  2 @aCN@b辽宁北配@c20231205
905    @aBZT@dR322@e41
    
    趣话眼睛:看的学问/袁伯伟主编.-武汉:长江出版社,2014
    161页:图;21cm
    《开启创新路 放飞中国梦》少儿科普图书
    
    ISBN 978-7-5492-2581-1:CNY 22.00
    
●
相关链接 在五车中查询图书 在当当中查询图书 在豆瓣中查询图书


正题名:趣话眼睛     索取号:R322/41         预约/预借

序号 登录号 条形码 馆藏地/架位号 状态 备注
1 2001674094   2001674094   516书库/ [索取号:R322/41] 在馆    
2 2001674095   2001674095   516书库/ [索取号:R322/41] 在馆    
3 2001674096   2001674096   516书库/ [索取号:R322/41] 在馆    
4 2001674097   2001674097   516书库/ [索取号:R322/41] 在馆    
5 2001674098   2001674098   516书库/ [索取号:R322/41] 在馆    
6 2001674099   2001674099   516书库/ [索取号:R322/41] 在馆    
7 2001674100   2001674100   516书库/ [索取号:R322/41] 在馆    
8 2001674101   2001674101   516书库/ [索取号:R322/41] 在馆    
9 2001674102   2001674102   516书库/ [索取号:R322/41] 在馆    
10 2001674103   2001674103   516书库/ [索取号:R322/41] 在馆    
11 2001674104   2001674104   516书库/ [索取号:R322/41] 在馆    
12 2001674105   2001674105   516书库/ [索取号:R322/41] 在馆    
13 2001674106   2001674106   516书库/ [索取号:R322/41] 在馆    
14 2001674107   2001674107   516书库/ [索取号:R322/41] 在馆    
15 2001674108   2001674108   516书库/ [索取号:R322/41] 在馆    
16 2001674109   2001674109   516书库/ [索取号:R322/41] 在馆    
17 2001674110   2001674110   516书库/ [索取号:R322/41] 在馆    
18 2001674111   2001674111   516书库/ [索取号:R322/41] 在馆    
19 2001674112   2001674112   516书库/ [索取号:R322/41] 在馆    
20 2001674113   2001674113   516书库/ [索取号:R322/41] 在馆    
21 2001674114   2001674114   516书库/ [索取号:R322/41] 在馆    
22 2001674115   2001674115   516书库/ [索取号:R322/41] 在馆    
23 2001674116   2001674116   516书库/ [索取号:R322/41] 在馆    
24 2001674117   2001674117   516书库/ [索取号:R322/41] 在馆    
25 2001674118   2001674118   516书库/ [索取号:R322/41] 在馆    
26 2001674119   2001674119   516书库/ [索取号:R322/41] 在馆    
27 2001674120   2001674120   516书库/ [索取号:R322/41] 在馆    
28 2001674121   2001674121   516书库/ [索取号:R322/41] 在馆    
29 2001674122   2001674122   516书库/ [索取号:R322/41] 在馆    
山东省滨州职业学院图书馆 欢迎您!
大连网信软件有限公司© 版权所有